000 00470nam a2200157 4500
001 123657
003 ES-MaACL
005 20230906192220.0
007 t|
008 070214s1947 sp r ||||1| spa d
100 1 _aRaida, Pedro.
_995023
245 1 0 _aPor una luz del imponderable benedictino
_b: historia de oblación /
_cPedro Raida.
260 _aMadrid :
_b[s. n.],
_c1947 (
_fGráf. Uguina)
300 _a85 p. ;
_c14 cm.
852 _aES-MaACL
_j1868-F-10
_bR.23916
999 _c123657
_d123657